Normal view
MARC view
Entry Personal Name
001 - CONTROL NUMBER
- control field: 49423
003 - CONTROL NUMBER IDENTIFIER
- control field: dpl
005 - DATE AND TIME OF LATEST TRANSACTION
- control field: 20120622103344.0
008 - FIXED-LENGTH DATA ELEMENTS
- fixed length control field: 120622|||a|||||| | ||| d
040 ## - CATALOGING SOURCE
- Original cataloging agency: dpl
- Transcribing agency: dpl
100 ## - HEADING--PERSONAL NAME
- Personal name: बालायण, देवेन्द्र
670 ## - SOURCE DATA FOUND
- Source citation: Work cat.: (dpl): बालायण, देवेन्द्र, प्राथमिक चिकित्सा /, 2005
670 ## - SOURCE DATA FOUND
- Source citation: Work cat.: (dpl): बालायण, देवेन्द्र, प्राथमिक चिकित्सा /, 2005
